000 00305nam a22001337a 4500
008 170216b xxu||||| |||| 00| 0 eng d
020 _a9780766836112
041 _aeng
080 _26TH
_a61
100 _a4
101 _aSHM
245 _aINTRODUCTION TO HEALTH SERVICES
_cWILLIAMS, S.J
942 _2udc
_cBK
999 _c5613
_d5613